000 00943nam a22003137a 4500
001 BR9506160
003 BR-BrBNA
005 20230928094544.0
007 ta
008 230509b bl.||||| |||| 00| 0 por d
040 _aBR-BrBNA
_bpor
_cBiblioteca Nacional de Agricultura
041 _a(Por)
072 _aH20; K50
_b3240
_b4120
090 _ 3240 BR9506160
100 1 _aGuilmo, S.M.P.
110 1 _aEscola Superior de Agricultura Luiz de Queiroz, Piracicaba, SP (Brasil)
_0Tese (Mestre em Agronomia)
245 1 _aSelecao de fungos causadores de podridao branca para a biopolpacao
260 3 _aPiracicaba, SP (Brasil):
_c1994.
300 _a78 p.
500 _a9 graphs; 20 tables; Summaries (Eng, Por); 78 ref.
650 _aEucalipto
650 _aPodridao Branca
650 _aCavaco
650 _aMadeira
650 _aIndustria Florestal
650 _aPolpa
909 _a202309
_bLucia
_c55
_dLucia Elande
942 _cBK
999 _c51315
_d51315